Sports general knowledge #9 - Statistics

Statistiche generali
  • Questo quiz è stato fatto 51 volte
  • Il punteggio medio è 4 su 15
Statistiche sulle risposte
Hint Risposta % Corretto
What F1 driver won the championship in 2025? Lando Norris
87%
What is the 4th club with the most Serie A titles? Genoa
57%
Who is Napoli's all time goalscorer? Dries Mertens
45%
Who won 2023 US Open? Novak Djokovic
40%
What is the only South American (CONMEBOL) country to never qualify for the World Cup? Venezuela
40%
Who is the first ever non-european footballer to win the ballon d'or? George Weah
38%
What F1 driver has the record for the most wins at home? Lewis Hamilton
36%
What ATP1000 is known as the "5th Slam"? Indian Wells
30%
Who is the first italianman to win a Slam Adriano Panatta
28%
Who is the most famous austrian bodybuilder? Arnold Schwarzenegger
15%
What basketball player is known for having a strong friendship with North Korean dictator Kim Jong-Un? Denis Rodman
9%
What rookie MotoGP rider got his first win last year (2025)? Fermin Aldeguer
9%
Who was the only monegasque F1 driver ever before Charles Leclerc's debut in 2018? Louis Chiron
4%
What is the first club ever to win Europa League Tottenham
4%
What is the most popular sport in Finland? Pesäpallo
2%
Nessun quiz corrispondente trovato
Distribuzione punteggi
Percentuale di utenti per punteggio
Percentile per numero di risposta
I tuoi punteggi nel tempo
Non hai fatto questo quiz